Die Verbindung zwischen Schule und Archiv in Kappeln
| Titel: | Die Verbindung zwischen Schule und Archiv in Kappeln |
|---|---|
| Verfasser: | |
| In: |
Verband Schleswig-Holsteinischer Kommunalarchivarinnen und -Archivare: Mitteilungen, (2001), Seite 63-64 alle Artikel anzeigen |
| Veröffentlicht: | 2001 |
| Format: | Aufsatz |
X
alg: 44191142 001A $03036:30-01-19 001B $01999:30-01-19 $t22:56:05.000 001D $03036:30-01-19 001U $0utf8 001X $00 002@ $0Aox 003@ $0441911420 007A $0441911420 $aHEB 007T $0ArchMa03078 011@ $a2001 021A $aDie @Verbindung zwischen Schule und Archiv in Kappeln 028A $aWengel $dHans-Peter 031A $h63-64 $j2001 039B $aIn $8--Abvc--Verband Schleswig-Holsteinischer Kommunalarchivarinnen und -Archivare [Tb1]. Mitteilungen. - Kiel : VKA, 2000-2011 $x200100000000000937 $9094034893 lok: 44191142 105 exp: 44191142 105 1 #EPN 201B/01 $030-01-19 $t13:29:06.000 201C/01 $030-01-19 201U/01 $0utf8 203@/01 $01042266727 208@/01 $a13-12-18 $be 209A/01 $a/ $f106 $x00 244Z/01 $aKappeln $x01 245Z/01 $a3.17.02. $bArchivwesen des Bundes- und der deutschen Bundesländer / Schleswig-Holstein / Archive und Archivbestände $x01 247C/01 $8->Marburg, Bibliographie zum Archivwesen der Archivschule Marburg $939588196X
| LEADER | 00000caa a22000002c 4500 | ||
|---|---|---|---|
| 001 | 441911420 | ||
| 003 | DE-603 | ||
| 005 | 20190130225605.0 | ||
| 007 | tu | ||
| 008 | 190130s2001 xx |||| | u00||u|und c | ||
| 035 | |a (DE-599)HEB441911420 | ||
| 040 | |a DE-603 |b ger |c DE-603 |d DE-603 | ||
| 100 | 1 | |a Wengel, Hans-Peter | |
| 245 | 0 | 0 | |a Die Verbindung zwischen Schule und Archiv in Kappeln |
| 264 | 0 | |c 2001 | |
| 773 | 0 | 8 | |i In |a Verband Schleswig-Holsteinischer Kommunalarchivarinnen und -Archivare |t Mitteilungen |d Kiel : VKA, 2000-2011 |g (2001), Seite 63-64 |w (DE-603)094034893 |w (DE-600)2026933-X |
| 924 | 0 | |9 - |a (DE-603)1042266727 |b DE- |c HES |d d |g / | |